000 00400 a2200169 4500
001 69716
020 _a8532246044
040 _cAnchieta - Itaigara
100 _aLaurito, Ilka Brunhilde
240 1 0 _aA menina que descobriu o Brasil
_lpor
245 1 0 _aA menina que descobriu o Brasil
300 _a166
362 0 _a2001
440 1 _aFTD
650 4 _aLiteratura infanto-juvenil
942 _cBK
999 _c69716
_d69716